00666nam a22001697a 4500003000900000008004100009040007100050082002400121100001900145245006900164260003500233300002800268505013500296650002700431650002000458650001800478AR-CdUCM190511b ||||| |||| 00| 0 spa d aMUNICIPALIDAD PROVINCIAL DEL CUSCOcBIBLIOTECA MUNICIPAL DEL CUSCO 23ed.a3601.6 /bF56 aFirth, Raymond aTipos Humanos :buna introducción a la antropología social / aBuenos Aires :bEudeba,c1966. a250 páginas ;c19 cm. aCaracteristicas raciales y diferencias mentales -- El hombre y la naturaleza -- Trabajo y riqueza en las comunidades primitivas... aAntropología social. aHombre y medio. aSociabilidad.